[Event "AUTO-INT-837"]
[Site "http://www.queenalice.com/game.php?id=503605"]
[Date "2008.12.5"]
[Round "2"]
[White "cyrilledeLePin"]
[Black "lcristante"]
[Result "1-0"]
[WhiteElo "1892"]
[BlackElo "1802"]

1. e4 c5 2. c4 Nc6 3. Nc3 e6 4. d3 Nf6 5. g3 d5 6. Bg2 dxc4 7. dxc4 Qxd1+ 8.
Nxd1 Be7 9. Ne2 Ne5 10. Ne3 Nd3+ 11. Kf1 Bd7 12. Nc2 Bc6 13. f3 O-O-O 14. Ne1
Nxc1 15. Rxc1 Rd2 16. Rc2 Rhd8 17. Kf2 h5 18. h4 Rxc2 19. Nxc2 Bd6 20. Nc3 Kc7
21. a3 1-0

[Event "AUTO-INT-837"]
[Site "http://www.queenalice.com/game.php?id=503606"]
[Date "2008.12.5"]
[Round "2"]
[White "lcristante"]
[Black "cyrilledeLePin"]
[Result "0-1"]
[WhiteElo "1790"]
[BlackElo "1904"]

1. e4 e6 2. d4 d5 3. Nc3 Bb4 4. a3 Bxc3+ 5. bxc3 dxe4 6. Bc4 Nf6 7. Ne2 O-O 8.
Ng3 b6 9. f3 Bb7 10. fxe4 Nxe4 11. Nxe4 Bxe4 12. O-O Nc6 13. Qe2 f5 14. Bxe6+
Kh8 15. Bf4 Rf6 16. Qc4 Qe8 17. Bd5 Qd7 18. Bxe4 fxe4 19. Rae1 Re8 20. Bg3 Rfe6
21. d5 Rf6 0-1

[Event "Let's Play Chess!"]
[Site "http://www.queenalice.com/game.php?id=1063049"]
[Date "2012.5.23"]
[Round "-"]
[White "lcristante"]
[Black "mike52"]
[Result "1-0"]
[WhiteElo "1774"]
[BlackElo "1547"]

1. e4 e5 2. Nf3 d6 3. d4 Nc6 4. d5 Nd4 5. Nxd4 exd4 6. Qxd4 Be7 7. Qxg7 Bf6 8.
Qg3 Nh6 9. Bxh6 Bxb2 10. Bg7 Rg8 11. Bxb2 Rxg3 12. hxg3 Qe7 13. Nd2 Bd7 14. Bd3
O-O-O 15. O-O-O Bg4 16. f3 Bh5 17. Rxh5 a6 18. Rxh7 Qe8 19. Bf6 Qg8 20. Rh8 Qxh8
21. Bxh8 Rxh8 22. Nc4 Rh2 23. Rd2 Rh1+ 24. Kb2 b5 25. Na5 Rh6 26. c4 bxc4 27.
Bxc4 Rg6 28. Bxa6+ Kb8 29. g4 Ka7 30. Bd3 Rg5 31. Rc2 Kb6 32. Nc6 Rg6 33. Rc3
Rh6 34. Rb3+ Kc5 35. Rb5# 1-0

[Event "Let's Play Chess!"]
[Site "http://www.queenalice.com/game.php?id=1063050"]
[Date "2012.5.23"]
[Round "-"]
[White "mike52"]
[Black "lcristante"]
[Result "0-1"]
[WhiteElo "1535"]
[BlackElo "1767"]

1. Nf3 d6 2. Nc3 Nf6 3. e4 Bg4 4. Nd5 Nxe4 5. d3 Nf6 6. Nxf6+ exf6 7. Be2 Be7 8.
O-O O-O 9. Nh4 Bxe2 10. Qxe2 Nc6 11. Nf5 Re8 12. Qg4 Bf8 13. Bh6 g6 14. Bxf8
Rxf8 15. Nh6+ Kg7 16. Qh3 Nd4 17. Rac1 Ne2+ 18. Kh1 Nxc1 19. Rxc1 f5 20. g4 Qg5
21. gxf5 Qxc1+ 22. Kg2 Qxh6 23. Qg3 Qd2 24. Qh4 Qxc2 25. f6+ Kh8 26. Qh6 Rg8 27.
Qe3 Rge8 28. Qf3 Qxb2 29. a4 Re6 30. Qxb7 Qxb7+ 0-1

[Event "Let's Play Chess!"]
[Site "http://www.queenalice.com/game.php?id=1066043"]
[Date "2012.5.30"]
[Round "-"]
[White "adelio"]
[Black "lcristante"]
[Result "1-0"]
[WhiteElo "1754"]
[BlackElo "1772"]

1. b3 e5 2. Bb2 Nc6 3. e4 Nf6 4. d3 Bb4+ 5. Nd2 O-O 6. h4 d5 7. h5 h6 8. a3
Bxd2+ 9. Qxd2 d4 10. Ne2 Bg4 11. Ng3 Qd7 12. f3 Be6 13. Nf5 Bxf5 14. exf5 Qxf5
15. O-O-O Nxh5 16. Rh4 Ng3 17. Kb1 Nxf1 18. Rxf1 Rae8 19. Rfh1 Ne7 20. Bc1 1-0

[Event "Let's Play Chess!"]
[Site "http://www.queenalice.com/game.php?id=1066044"]
[Date "2012.5.30"]
[Round "-"]
[White "lcristante"]
[Black "adelio"]
[Result "1-0"]
[WhiteElo "1753"]
[BlackElo "1712"]

1. e4 e5 2. Nf3 d6 3. d4 Bg4 4. d5 a6 5. h3 Bxf3 6. Qxf3 Nd7 7. Nc3 Ndf6 8. Bg5
h6 9. Be3 g5 10. O-O-O Nd7 11. g3 b6 12. h4 Bg7 13. hxg5 hxg5 14. Rxh8 Bxh8 15.
Bh3 Qf6 16. Qh5 Qh6 17. Qxh6 Nxh6 18. Bxg5 Ng8 19. Rh1 Bg7 20. f4 Ngf6 21. Bf5
O-O-O 22. fxe5 dxe5 23. a3 Kb7 24. Rh7 Rg8 25. g4 Bf8 26. Bxf6 Nxf6 27. Rxf7
Bh6+ 28. Kb1 Nxg4 29. d6 a5 30. dxc7 Ka6 31. c8=Q+ Rxc8 32. Bxc8# 1-0

[Event "Let's Play Chess!"]
[Site "http://www.queenalice.com/game.php?id=1066045"]
[Date "2012.5.30"]
[Round "-"]
[White "adelio"]
[Black "lcristante"]
[Result "0-1"]
[WhiteElo "1699"]
[BlackElo "1781"]

1. Nf3 d5 2. d4 Nf6 3. Nc3 Nc6 4. a3 Bg4 5. Ng5 h6 6. Nxf7 Kxf7 7. h3 Bh5 8. g4
Bg6 9. g5 hxg5 10. Bxg5 Rh5 11. Bxf6 exf6 12. Qd2 Qd7 13. O-O-O a6 14. Bg2 Ne7
15. e4 c6 16. f4 b5 17. Rdf1 Kg8 18. f5 Bh7 19. Bf3 Re8 20. Bxh5 Rd8 21. Rhg1
dxe4 22. Nxe4 Nxf5 23. Rxf5 Qxf5 24. Ng3 Qd5 25. b3 Bxa3+ 26. Kd1 Qxd4 27. Qxd4
Rxd4+ 28. Ke2 Bxc2 29. Nf1 Bc5 30. Ne3 Re4 31. Rg3 Re5 32. Bf3 Rxe3+ 33. Kd2 Be4
34. Bxe4 Rxg3 35. Bxc6 Rxh3 36. Bb7 a5 37. Bd5+ Kf8 38. Bc6 b4 39. Ba4 Re3 40.
Kc2 f5 41. Bd7 f4 42. Be6 f3 43. Bc4 f2 44. Kd2 g5 45. Bf1 g4 46. Be2 g3 47. Bf1
Re1 48. Bg2 f1=Q 49. Bxf1 Rxf1 50. Kd3 g2 51. Kc4 g1=Q 52. Kb5 Ba7 53. Ka4 Ra1+
54. Kb5 Qc5+ 55. Ka6 Qb6# 0-1

[Event "Let's Play Chess!"]
[Site "http://www.queenalice.com/game.php?id=1066809"]
[Date "2012.6.1"]
[Round "-"]
[White "lcristante"]
[Black "goreb83"]
[Result "0-1"]
[WhiteElo "1782"]
[BlackElo "1944"]

1. d4 f5 2. c4 Nf6 3. Nc3 e6 4. Nf3 Bb4 5. a3 Bxc3+ 6. bxc3 b6 7. Bg5 d6 8. e3
O-O 9. Bd3 Bb7 10. O-O Nbd7 11. Re1 Qe8 12. Nd2 Qg6 13. f4 h6 14. Bh4 Qxg2# 0-1

[Event "Let's Play Chess!"]
[Site "http://www.queenalice.com/game.php?id=1066810"]
[Date "2012.6.1"]
[Round "-"]
[White "goreb83"]
[Black "lcristante"]
[Result "1-0"]
[WhiteElo "2033"]
[BlackElo "1780"]

1. d4 Nf6 2. c4 e6 3. Nc3 Bb4 4. Bd2 O-O 5. Nf3 c5 6. e3 Nc6 7. Bd3 d5 8. dxc5
Bxc5 9. O-O dxc4 10. Bxc4 Bd7 11. a3 a6 12. b4 Be7 13. Ne2 b5 14. Bb3 Ne4 15.
Bc1 Qc7 16. Bb2 Bf6 17. Bxf6 Nxf6 18. Rc1 Ng4 19. Ned4 e5 20. Nxc6 Bxc6 21. Bd5
Rad8 22. Qc2 Rxd5 23. Qxc6 Qxc6 24. Rxc6 Ra8 25. Rfc1 Rdd8 26. h3 e4 27. hxg4
exf3 28. gxf3 h6 29. Kg2 Kh7 30. Rc7 Kg8 31. Re7 Kf8 32. Rcc7 1-0

[Event "AUTO-OPEN-2703"]
[Site "http://www.queenalice.com/game.php?id=1067031"]
[Date "2012.6.2"]
[Round "1"]
[White "Sambafor"]
[Black "lcristante"]
[Result "1-0"]
[WhiteElo "2107"]
[BlackElo "1785"]

1. d4 Nf6 2. c4 e6 3. Nc3 Bb4 4. Bd2 O-O 5. Nf3 Nc6 6. e3 b6 7. Bd3 Bb7 8. O-O
d5 9. a3 Be7 10. b4 a6 11. h3 Bd6 12. c5 bxc5 13. bxc5 Be7 14. Rb1 Rb8 15. Qa4
Qd7 16. Rb2 Rfd8 17. Rfb1 Ba8 18. Bxa6 Ne4 19. Nxe4 Rxb2 20. Rxb2 f5 21. Ng3 Rb8
22. Bb5 Bf6 23. Nh5 Be7 24. Bxc6 Bxc6 25. Rxb8+ Kf7 26. Ne5# 1-0

[Event "AUTO-OPEN-2703"]
[Site "http://www.queenalice.com/game.php?id=1067032"]
[Date "2012.6.2"]
[Round "1"]
[White "lcristante"]
[Black "Sambafor"]
[Result "0-1"]
[WhiteElo "1755"]
[BlackElo "2127"]

1. c4 g6 2. Nc3 Bg7 3. Nf3 d6 4. g3 Nc6 5. Bg2 e5 6. e4 f5 7. d3 Nf6 8. O-O O-O
9. Bd2 Be6 10. Bg5 h6 11. Be3 g5 12. d4 Bxc4 13. Re1 fxe4 14. Nd2 Bd3 15. Ndxe4
Bxe4 16. Nxe4 Nxe4 17. Bxe4 d5 18. Bg2 e4 19. Qb3 Na5 20. Qb5 b6 21. b4 Nc4 22.
Qa4 a6 23. Qb3 b5 24. a4 c6 25. axb5 axb5 26. Rxa8 Qxa8 27. f4 Qa7 28. fxg5 Nxe3
29. Qxe3 Bxd4 0-1

[Event "AUTO-OPEN-2703"]
[Site "http://www.queenalice.com/game.php?id=1067059"]
[Date "2012.6.2"]
[Round "1"]
[White "clovis"]
[Black "lcristante"]
[Result "1-0"]
[WhiteElo "1941"]
[BlackElo "1806"]

1. e4 c5 2. Nf3 Nc6 3. Bb5 a6 4. Bxc6 bxc6 5. O-O e6 6. d4 Nf6 7. Nc3 cxd4 8.
Qxd4 c5 9. Qd3 Bb7 10. Bg5 Be7 11. e5 Nd5 12. Bxe7 Qxe7 13. Ne4 Nb4 14. Nd6+ Kf8
15. Qc3 Bxf3 16. Qxf3 f6 17. Qxa8+ 1-0

[Event "AUTO-OPEN-2703"]
[Site "http://www.queenalice.com/game.php?id=1067060"]
[Date "2012.6.2"]
[Round "1"]
[White "lcristante"]
[Black "clovis"]
[Result "0-1"]
[WhiteElo "1795"]
[BlackElo "1955"]

1. d4 d5 2. Nf3 Nf6 3. c4 c6 4. c5 Bf5 5. Nc3 e6 6. Bg5 Nbd7 7. e3 Be7 8. Bd3
Bg6 9. O-O O-O 10. Ne2 Bxd3 11. Qxd3 Ne4 12. Bxe7 Qxe7 13. Nc3 Nxc3 14. Qxc3
Rae8 15. Rae1 e5 16. b4 e4 17. Nd2 f5 18. Qa3 f4 19. Qxa7 f3 20. g3 Qe6 21. Qxb7
Qh3 22. Qxc6 Qg2# 0-1